000 00794nam a22002657a 4500
001 00260
003 DO-SdBNP
005 20180320154406.0
008 151201b 2005 dr xxu||||| |||| 00| 0 spa d
020 _a9993479675
040 _aBPMSU
_bspa
_cBPMSU
082 _aRD862.44
_bV161d
100 1 _aValenzuela, Ángelo
245 1 3 _aLa danza del crepúsculo :
_bdrama /
_cÁngelo Valenzuela.
260 0 _aSanto Domingo :
_bPerla,
_c2005
300 _a37 p. ;
_c22 cm.
500 _aIncluye datos del autor en la solapa de la cubierta.
650 4 _4DRAMA DOMINICANO
650 4 _aTEATRO DOMINICANO
650 4 _aLITERATURA DOMINICANA
910 _aValidado. Control de calidad MFF
942 _2ddc
_cBK
945 _aRemanejado para la BNPHU / VM
956 _aLorenza Pérez
_b10
999 _c8985
_d8985